Transport investment in Third World (Record no. 19624)

000 -LEADER
fixed length control field 00388pab a2200145 454500
008 - FIXED-LENGTH DATA ELEMENTS--GENERAL INFORMATION
fixed length control field 180718b1986 xxu||||| |||| 00| 0 eng d
100 ## - MAIN ENTRY--PERSONAL NAME
Personal name Suchorzewski, Wojciech
245 ## - TITLE STATEMENT
Title Transport investment in Third World
260 ## - PUBLICATION, DISTRIBUTION, ETC.
Date of publication, distribution, etc. 1986
300 ## - PHYSICAL DESCRIPTION
Extent 11-13
362 ## - DATES OF PUBLICATION AND/OR SEQUENTIAL DESIGNATION
Dates of publication and/or sequential designation May
650 ## - SUBJECT ADDED ENTRY--TOPICAL TERM
Topical term or geographic name entry element Transportataion - Underdeveloped - Areas
773 ## - HOST ITEM ENTRY
Main entry heading Journal of Transport Management
909 ## -
-- 19624
Holdings
Withdrawn status Lost status Damaged status Not for loan Permanent Location Current Location Date acquired Serial Enumeration / chronology Barcode Date last seen Price effective from Koha item type
        Indian Institute of Public Administration Indian Institute of Public Administration 2018-07-19 Volume no: 10, Issue no: 5 AR19687 2018-07-19 2018-07-19 Articles

Powered by Koha